LEADER 01175nam a2200289 i 4500 001 000000171153 003 CaOOAMICUS 005 20080421000000.0 008 080421s2007 it u000 u ita u 013 $a148577 020 $a978-88-16-60292-2 040 $aSeMil$bita 100 1 $aSarabianov, Dmitri V.$0(OLS)http://semarc/name/64020 245 10$aRussia, Europa :$barte e architettura /$cDmitri V. Sarabianov. 250 $a2. Ed. 260 $aMilano :$bJaca Book,$c2007. 300 $a294 p. :$briccamente ill. ;$c31 cm. 650 4$aRussia - Arte.$0(OLS)http://semarc/subject/32591 650 4$aRussia - Architettura.$0(OLS)http://semarc/subject/32592 650 4$aEuropa - Arte.$0(OLS)http://semarc/subject/32593 650 4$aEuropa - Architettura.$0(OLS)http://semarc/subject/32594 850 $aSeMil 852 $aSeMil$W1$xVenegono$y1$m5T XI 18$j122028$B122028$CSeMilBibl$Z2$F133299 $8I 961 $aOmaggio: Altro 996 $6020$a978-88-16-60292-2$9(OLS)http://semarc/number/158251 996 $6245$aRussia, Europa :$barte e architettura$9(OLS)http://semarc/title/244838 996 $6260$aMilano :$bJaca Book$9(OLS)http://semarc/publisher/29781 LEADER 00966nam a2200241 i 4500 001 000000074509 003 CaOOAMICUS 005 20070801000000.0 008 070801s1977 it u000 u ita u 013 $a45681 040 $aSeMil$bita 245 10$aLetteratura e linguistica /$ca cura di Bice Mortara Garavelli. 260 $aBologna :$bZanichelli,$ccopyr. 1977. 300 $aIV, 236 p. ;$c19 cm. 490 0 $aLetteratura e problemi ;$v9 500 $aContiene : Suggerimenti per ulteriori letture. 650 4$aLinguistica.$0(OLS)http://semarc/subject/2222 700 1 $aMortara Garavelli, Bice.$0(OLS)http://semarc/name/36882 830 0$aLetteratura e problemi ;$v9.$0(OLS)http://semarc/title/7586 850 $aSeMil 852 $aSeMil$W1$xVenegono$y1$m1D I 51$j40661$B40661$CSeMilBibl$Z2$F40665 $81 996 $6245$aLetteratura e linguistica$9(OLS)http://semarc/title/120825 996 $6260$aBologna :$bZanichelli$9(OLS)http://semarc/publisher/29934